000 00420nam a2200169Ia 4500
008 230524s9999 xx 000 0 und d
020 _a8174464158
082 _a658.48
_bBAN
100 _aAshok Banerjee
245 0 _aFinancial Accounting A Managerial Emphasis
250 _a2ND
260 _aNEW DELHI
_bExcel
_c2006
300 _aVI;21-28
500 _aQuantity Number: 20
650 _aManagement
942 _cBK
999 _c38608
_d38608